Hold On - Extreme Music Lyrics - Statistics

General Stats
  • This quiz has been taken 8 times
  • The average score is 163 of 345
Answer Stats
Lyric % Correct
a
86%
on
86%
be
71%
but
71%
day
71%
hold
71%
in
71%
the
71%
to
71%
is
57%
it's
57%
not
57%
one
57%
so
57%
too
57%
why
57%
you
57%
your
57%
at
43%
been
43%
find
43%
gone
43%
gonna
43%
head
43%
hearing
43%
inside
43%
long
43%
more
43%
music
43%
road
43%
sky
43%
song
43%
stars
43%
them
43%
this
43%
time
43%
trapped
43%
up
43%
way
43%
who
43%
you're
43%
You've
43%
you've
43%
all
29%
always
29%
and
29%
'cause
29%
clouds
29%
eyes
29%
got
29%
hide
29%
i'll
29%
just
29%
know
29%
let
29%
let's
29%
light
29%
oh
29%
out
29%
paint
29%
reason
29%
scream
29%
shine
29%
start
29%
sun
29%
that
29%
there
29%
voice
29%
wanna
29%
you'll
29%
beauty
14%
crowd
14%
days
14%
down
14%
dreams
14%
ground
14%
hand
14%
look
14%
miles
14%
pockets
14%
remember
14%
remembering
14%
staring
14%
that's
14%
walking
14%
world
14%
alone
0%
arms
0%
block
0%
can't
0%
don't
0%
fly
0%
hey
0%
hit
0%
letting
0%
open
0%
own
0%
spread
0%
wide
0%
wings
0%
No matching quizzes found
Score Distribution
Percent of People with Each Score
Percentile by Number Answered
Your Score History
You have not taken this quiz